[Event "?"]
[Site "Pyramiden Franken Cup 5th"]
[Date "2002.??.??"]
[Round "?"]
[White "Jens, Jelmer"]
[Black "Sax, Gyula"]
[Result "1/2-1/2"]
[WhiteElo "2365"]
[BlackElo "2510"]

1. e4 c5 2. Nf3 e6 3. d4 cxd4 4. Nxd4 a6 5. Bd3 Bc5 6. Nb3 Be7 7. O-O d6 8.
c4 Nf6 9. Nc3 b6 10. f4 Nbd7 11. Qe2 Qc7 12. Bd2 Bb7 13. Rae1 Rd8 14. Rf3
Nc5 15. Nxc5 dxc5 16. Rh3 g6 17. e5 Nh5 18. Be4 Ng7 19. g4 h5 20. Bxb7 Qxb7
21. Ne4 Kd7 22. Rd3+ Kc7 23. Rxd8 Rxd8 24. h3 hxg4 25. hxg4 Rh8 26. Bc3 Qc6
27. Qg2 Ne8 28. Nd6 Rf8 29. Qxc6+ Kxc6 30. Nxe8 Rxe8 31. a4 Rd8 32. Kg2 Rh8
33. Rh1 Rxh1 34. Kxh1 Bh4 35. Kg2 Bd8 36. Kf3 b5 37. b3 bxc4 38. bxc4 Kb6
39. Ke4 Kc6 40. Kf3 Kb6 41. Kg3 Kc6 42. Kh3 Bc7 43. g5 1/2-1/2

[Event "?"]
[Site "Paris Open Paris FRA"]
[Date "1995.??.??"]
[Round "?"]
[White "Blees, Albert"]
[Black "Gofshtein, Zeev-Alon"]
[Result "0-1"]
[WhiteElo "2410"]
[BlackElo "2465"]

1. e4 c5 2. Nf3 e6 3. d4 cxd4 4. Nxd4 a6 5. Bd3 Bc5 6. Nb3 Be7 7. O-O Nc6
8. Qg4 Bf6 9. Nc3 d6 10. Be3 Bxc3 11. bxc3 Qf6 12. Qg3 Nge7 13. Qxd6 Qxc3
14. Nc5 O-O 15. Na4 Qa5 16. Nb6 Rb8 17. Rfd1 e5 18. Bc4 Bg4 19. f3 Nc8 20.
Qc5 Nxb6 21. Qxb6 Be6 22. Bxe6 fxe6 23. Qb3 Rfe8 24. Rd6 Kf7 25. Rad1 Qb5
26. Rd7+ Re7 27. c4 Qxb3 28. axb3 Ke8 29. Rxe7+ Kxe7 30. Bc5+ Ke8 31. Bb6
Nd4 32. Bc7 Rc8 33. Bxe5 Nxb3 34. Rb1 Na5 35. Bc3 Nxc4 36. Rxb7 Nd6 37. Rb3
g6 38. Kf2 Nb5 39. Be5 Rc5 40. f4 a5 41. Ke3 g5 42. g3 gxf4+ 43. gxf4 Kd7
44. Kd2 a4 45. Rh3 a3 46. Rxh7+ Kc6 47. Rh8 Kb7 48. Rb8+ Ka7 49. Rg8 a2 50.
Rg1 Na3 51. Bd4 Ka6 52. Kd3 Rh5 53. Rh1 Rh3+ 54. Kd2 Kb5 55. f5 e5 56. Ba1
Kb4 57. Ke2 Nc4 58. Kf2 Rh4 59. Kg3 Rxe4 60. Rf1 Re3+ 61. Kg4 Nd2 62. Rd1
Re4+ 63. Kg5 Nf3+ 64. Kg6 Rg4+ 65. Kh6 Rf4 66. Kg6 e4 67. f6 e3 68. Rc1 e2
69. Bc3+ Kb3 70. f7 Nh4+ 71. Kg7 Nf5+ 72. Kg6 Nd6 73. Be5 Rxf7 74. Rc3+ Ka4
75. Re3 Nc4 76. Re4 e1=Q 77. Rxe1 Nxe5+ 78. Rxe5 Rf2 79. Re8 Rxh2 80. Kf5
Kb3 81. Ra8 Kb2 0-1

[Event "?"]
[Site "Gudmundur 5th"]
[Date "1999.??.??"]
[Round "?"]
[White "Aagaard, Jacob"]
[Black "Bosboom, Manuel"]
[Result "0-1"]
[WhiteElo "2400"]
[BlackElo "2475"]

1. e4 c5 2. Nf3 e6 3. d4 cxd4 4. Nxd4 a6 5. Bd3 Bc5 6. Nb3 Be7 7. Qg4 Nf6
8. Qxg7 Rg8 9. Qh6 Nc6 10. Nc3 b5 11. Bd2 Ne5 12. Be2 Bb7 13. f4 Nc4 14.
Bf3 b4 15. Ne2 Rg6 16. Qh3 Bxe4 17. Bxe4 Nxe4 18. f5 exf5 19. Bf4 Qb6 20.
Rf1 Nxb2 21. Be5 Nc3 22. Qxf5 Rxg2 23. Qxf7+ Kd8 24. Ned4 Bh4+ 25. Bg3 Rxg3
26. Qf8+ Kc7 27. Qf4+ Kb7 28. hxg3 Bxg3+ 29. Qxg3 Re8+ 30. Kd2 Nc4+ 31. Kc1
Qh6+ 32. Rf4 Qxf4+ 33. Qxf4 Re1# 0-1

[Event "?"]
[Site "FS11 GM Budapest HUN"]
[Date "2002.??.??"]
[Round "?"]
[White "Sziebert, Adam"]
[Black "Horvath, Csaba"]
[Result "1/2-1/2"]
[WhiteElo "2370"]
[BlackElo "2505"]

1. e4 c5 2. Nf3 e6 3. d4 cxd4 4. Nxd4 a6 5. Bd3 Bc5 6. Nb3 Be7 7. O-O d6 8.
Qg4 g6 9. Qg3 Nc6 10. Nc3 b5 11. Nxb5 axb5 12. Bxb5 Qb6 13. Qc3 Qxb5 14.
Qxh8 Kd7 15. c4 Qe5 16. Qxh7 Nf6 17. Qxf7 Bb7 18. Rd1 Rh8 19. h3 Kc8 20.
Bd2 Rf8 21. Qg7 Rg8 22. Qh6 Nxe4 23. Re1 Qf5 24. Qe3 Nxd2 25. Nxd2 Bg5 26.
Ne4 Bxe3 27. Nxd6+ Kc7 28. Nxf5 Bd2 29. Ne3 Bxe1 30. Rxe1 Rd8 31. Rd1 Rxd1+
32. Nxd1 Kd6 33. f4 Nb4 34. Kf2 Nxa2 35. g4 Kc5 36. Ne3 Be4 37. h4 Kd4 38.
h5 gxh5 39. gxh5 Nb4 40. Ng4 Bf5 41. Kg3 Nd3 42. b3 Kc3 43. Ne5 Nc5 44. Kh4
Kxb3 45. Kg5 Kb4 46. Kf6 Ne4+ 47. Kg7 Ng3 48. h6 Nh5+ 49. Kg8 Kc5 50. Nd7+
Kd6 51. Nf8 Nxf4 52. h7 Bxh7+ 53. Nxh7 e5 54. Ng5 Kc5 55. Kf7 Kxc4 56. Nf3
e4 57. Nd2+ 1/2-1/2

[Event "?"]
[Site "Ch Sao Paulo BRA"]
[Date "2001.??.??"]
[Round "?"]
[White "Caldeira, Adriano"]
[Black "Vescovi, Giovanni P"]
[Result "0-1"]
[WhiteElo "2285"]
[BlackElo "2585"]

1. e4 c5 2. Nf3 e6 3. d4 cxd4 4. Nxd4 a6 5. Bd3 Bc5 6. Nb3 Be7 7. O-O d6 8.
c4 Nf6 9. Be3 Nbd7 10. Nc3 b6 11. f3 Qc7 12. a4 Rb8 13. Rf2 Ne5 14. a5 bxa5
15. Nxa5 Rg8 16. Bf1 g5 17. Rc2 Nfd7 18. Qd2 Bf6 19. Kh1 Nc5 20. Ra3 g4 21.
f4 Ned7 22. Bd4 g3 23. Be2 gxh2 24. Bf3 Rb6 25. Kxh2 Bxd4 26. Qxd4 Qd8 27.
g3 e5 28. fxe5 Qg5 29. Ne2 Nxe5 30. Qe3 Qxe3 31. Rxe3 Bg4 32. Bg2 Bxe2 33.
Rexe2 Ke7 34. Rc3 Rgb8 35. b3 Nxb3 36. Nxb3 Rxb3 37. Rxb3 Rxb3 38. Ra2 Rb6
39. Bf1 Nd7 40. Kg2 Nc5 41. Kf3 Rb3+ 42. Kf4 Kf6 43. Rd2 h5 44. Bh3 Rd3 45.
Rxd3 Nxd3+ 46. Ke3 Nc1 47. Kd4 a5 48. Bd7 Ne2+ 49. Kd5 Ke7 50. Bb5 a4 0-1

[Event "?"]
[Site "FS04 GM Budapest HUN"]
[Date "2000.??.??"]
[Round "?"]
[White "Balogh, Csaba"]
[Black "Horvath, Csaba"]
[Result "0-1"]
[WhiteElo "2355"]
[BlackElo "2515"]

1. e4 c5 2. Nf3 e6 3. d4 cxd4 4. Nxd4 a6 5. Bd3 Bc5 6. Nb3 Be7 7. O-O d6 8.
c4 Nf6 9. Nc3 b6 10. Qe2 Bb7 11. f4 Nbd7 12. Nd4 g6 13. b3 Rc8 14. Bb2 O-O
15. Rae1 Nh5 16. Qd1 Bf6 17. Nde2 Bg7 18. Qd2 Nhf6 19. Bb1 Qc7 20. Rd1 Qc5+
21. Kh1 Ng4 22. Qxd6 Nf2+ 23. Rxf2 Qxf2 24. Qxd7 Bxc3 25. Bxc3 Qxe2 26. Qd4
e5 27. fxe5 Rcd8 28. Qxd8 Rxd8 29. Rxd8+ Kg7 30. h4 Qf1+ 31. Kh2 Qf4+ 32.
g3 Qf2+ 33. Kh3 Qf3 34. e6+ Qxc3 35. e7 Bc6 0-1

[Event "?"]
[Site "VI Sants Open, Barcelona ESP"]
[Date "2004.??.??"]
[Round "4"]
[White "Fluvia, Jordi"]
[Black "Li Shilong"]
[Result "1-0"]
[WhiteElo "2345"]
[BlackElo "2525"]

1. e4 c5 2. Nf3 e6 3. d4 cxd4 4. Nxd4 a6 5. Bd3 Bc5 6. Nb3 Be7 7. O-O d6 8.
c4 Nf6 9. Nc3 O-O 10. f4 Nc6 11. Qf3 b6 12. e5 dxe5 13. Qxc6 Ra7 14. Qf3
Rd7 15. Bc2 Bb7 16. Qe2 exf4 17. Bxf4 Qc8 18. Rad1 Rfd8 19. Rxd7 Rxd7 20.
Rd1 Rxd1+ 21. Nxd1 Qc6 22. Ne3 h6 23. Qd3 Kf8 24. Bd1 Qc8 25. Bd6 Ke8 26.
Bxe7 Kxe7 27. Bf3 Bxf3 28. gxf3 Qc6 29. Nd2 a5 30. Qd4 g6 31. Ng4 Nxg4 32.
fxg4 Qd6 33. Kf2 f5 34. gxf5 exf5 35. Qxd6+ Kxd6 36. Ke3 g5 37. Kd4 g4 38.
Nf1 f4 39. Ke4 Kc5 40. Kxf4 Kxc4 41. Kxg4 Kd3 42. Kh5 Kc2 43. Kxh6 Kxb2 44.
Kg5 Kxa2 45. h4 a4 46. h5 b5 47. h6 b4 48. h7 b3 49. h8=Q a3 50. Nd2 1-0

[Event "?"]
[Site "ShakkiNet GM 3rd"]
[Date "2001.??.??"]
[Round "?"]
[White "Agopov, Mikael"]
[Black "Horvath, Csaba"]
[Result "1/2-1/2"]
[WhiteElo "2365"]
[BlackElo "2505"]

1. e4 c5 2. Nf3 e6 3. d4 cxd4 4. Nxd4 a6 5. Bd3 Bc5 6. Nb3 Be7 7. Qg4 g6 8.
c4 d6 9. Qe2 Nd7 10. Nc3 b6 11. O-O Bb7 12. Rd1 Qc7 13. Bf4 Ngf6 14. a4 Nh5
15. Be3 Nc5 16. Nd4 Nxd3 17. Qxd3 Rc8 18. b3 O-O 19. Nde2 Nf6 20. Bd4 Nd7
21. Qd2 Rfe8 22. Ng3 Ne5 23. Qe3 Bd8 24. Qh6 f5 25. exf5 Ng4 26. Qf4 gxf5
27. f3 Ne5 28. Nh5 Qf7 29. Qh6 Ng6 30. Bg7 Rc6 1/2-1/2

[Event "?"]
[Site "Ch Richmond"]
[Date "2002.??.??"]
[Round "?"]
[White "Yoos, John C"]
[Black "Spraggett, Kevin B"]
[Result "1/2-1/2"]
[WhiteElo "2330"]
[BlackElo "2540"]

1. e4 c5 2. Nf3 e6 3. d4 cxd4 4. Nxd4 a6 5. Bd3 Bc5 6. Nb3 Be7 7. Nc3 d6 8.
f4 Nf6 9. Qf3 e5 10. f5 b5 11. Be3 Bb7 12. O-O-O Nbd7 13. Kb1 b4 14. Nd5
Nxd5 15. exd5 Nf6 16. Be4 a5 17. Nd2 Qc7 18. g4 Rc8 19. g5 Nxe4 20. Nxe4
Qxc2+ 21. Ka1 a4 22. Rc1 Qd3 23. Rxc8+ Bxc8 24. Rd1 Qa6 25. f6 gxf6 26.
gxf6 Bf8 27. Ng5 1/2-1/2

[Event "?"]
[Site "Hillerod Politiken"]
[Date "1995.??.??"]
[Round "?"]
[White "Vinther-Schou, Uffe V"]
[Black "Emms, John M"]
[Result "0-1"]
[WhiteElo "2370"]
[BlackElo "2500"]

1. e4 c5 2. Nf3 e6 3. d4 cxd4 4. Nxd4 a6 5. Bd3 Bc5 6. Nb3 Be7 7. Qg4 g6 8.
Nc3 d6 9. Qg3 Qc7 10. h4 Nf6 11. Bh6 Nbd7 12. O-O-O b5 13. f4 Bb7 14. Rhe1
b4 15. Nb1 e5 16. N1d2 Nh5 17. Qh2 Nxf4 18. Bxf4 exf4 19. Qxf4 Ne5 20. Nf3
O-O 21. Qh6 Rfc8 22. Nxe5 dxe5 23. Nd2 Bf8 24. Qg5 Rd8 25. Nc4 Rac8 26.
Qxe5 Rxd3 0-1

[Event "?"]
[Site "Allemagne Bundesliga"]
[Date "2003.??.??"]
[Round "?"]
[White "Schaefer, Markus"]
[Black "Brenninkmeijer, Joris"]
[Result "0-1"]
[WhiteElo "2370"]
[BlackElo "2500"]

1. e4 c5 2. Nf3 e6 3. d4 cxd4 4. Nxd4 a6 5. Bd3 Bc5 6. Nb3 Be7 7. O-O d6 8.
f4 Nd7 9. N1d2 Ngf6 10. Qe2 Qc7 11. a4 b6 12. Nc4 d5 13. exd5 Nxd5 14. Ne5
O-O 15. Bd2 Bb7 16. Kh1 g6 17. Ng4 N7f6 18. Ne5 Nb4 19. Bxb4 Bxb4 20. Nd2
Nd5 21. c3 Be7 22. Bc4 Bf6 23. Bxd5 Bxd5 24. Ndf3 Bg7 25. Rfe1 Bh6 26. g3
f6 27. Nd3 e5 28. Nb4 Bb7 29. Kg1 exf4 30. g4 a5 31. Nc2 Rae8 32. Qd3 Re3
33. Nxe3 fxe3 34. Rf1 Qf4 35. Qe2 Qxg4+ 36. Qg2 Qe4 37. Rae1 Rd8 38. Qe2
Qg4+ 39. Qg2 Qe4 40. Qe2 Rd5 41. Rd1 Rxd1 42. Rxd1 Qg4+ 0-1

[Event "?"]
[Site "Blue Autumn Bucharest ROM"]
[Date "2002.??.??"]
[Round "?"]
[White "Vasiesiu, Dan"]
[Black "Manolache, Marius"]
[Result "1-0"]
[WhiteElo "2435"]
[BlackElo "2435"]

1. e4 c5 2. Nf3 e6 3. d4 cxd4 4. Nxd4 a6 5. Bd3 Bc5 6. Nb3 Be7 7. O-O d6 8.
c4 Qc7 9. Nc3 Nd7 10. Be3 b6 11. Rc1 Bb7 12. f4 Ngf6 13. Bb1 O-O 14. Qf3 g6
15. Qh3 Rfe8 16. f5 exf5 17. exf5 Ne5 18. Bg5 Nfg4 19. f6 Bf8 20. Qh4 Qxc4
21. Rf4 Qe6 22. Nd4 Qd7 23. Nf5 Qc6 24. Rxg4 Nxg4 25. Qxg4 Qc5+ 26. Nd4 Re5
27. Bd2 Rae8 28. Na4 Qxc1+ 29. Bxc1 Re1+ 30. Kf2 Rxc1 31. Qd7 Rb8 32. Nc3
Ba8 33. Nf5 d5 34. Ne7+ Kh8 35. Bd3 b5 36. Ncxd5 Rd1 37. Ke2 Rg1 38. Be4
Ra1 39. Qd6 Re8 40. Nc7 1-0

[Event "?"]
[Site "Team Ch Sweden"]
[Date "2003.??.??"]
[Round "?"]
[White "Lindberg, Bengt"]
[Black "Cramling, Pia"]
[Result "0-1"]
[WhiteElo "2380"]
[BlackElo "2490"]

1. e4 c5 2. Nf3 e6 3. d4 cxd4 4. Nxd4 a6 5. Bd3 Bc5 6. Nb3 Be7 7. O-O d6 8.
c4 Nf6 9. Nc3 Nc6 10. Be3 b6 11. f4 Bb7 12. Qf3 O-O 13. Rad1 Qc7 14. Qh3
Rad8 15. Bb1 g6 16. f5 exf5 17. exf5 Ne5 18. Nd5 Bxd5 19. cxd5 Rc8 20. Nd4
Nxd5 21. Bh6 Rfe8 22. fxg6 hxg6 23. Nf5 Nb4 24. Rc1 Nbc6 25. Bg7 f6 26.
Qh8+ Kf7 27. Qh7 Ke6 28. Nxe7 Qxe7 29. Qh3+ f5 30. Rxf5 Qxg7 31. Rh5+ Kf7
32. Rh7 Kg8 33. Rxg7+ Kxg7 34. Rd1 Nd4 35. Kh1 Rf8 36. Qh4 Nf5 37. Qe1 Ng4
38. h3 Nge3 39. Rc1 Rxc1 40. Qxc1 Ng3+ 41. Kh2 Nef1+ 0-1

[Event "?"]
[Site "JUG Ch"]
[Date "1997.??.??"]
[Round "?"]
[White "Knezevic, Bojan"]
[Black "Pikula, Dejan"]
[Result "1-0"]
[WhiteElo "2370"]
[BlackElo "2495"]

1. e4 c5 2. Nf3 e6 3. d4 cxd4 4. Nxd4 a6 5. Bd3 Bc5 6. Nb3 Be7 7. Qg4 g6 8.
Qe2 d6 9. O-O Nc6 10. Nc3 Nf6 11. Kh1 O-O 12. Bh6 Re8 13. f4 Nd7 14. Qd2 b5
15. a4 b4 16. Ne2 Bf6 17. c3 bxc3 18. bxc3 Na5 19. Nxa5 Qxa5 20. Bc2 Nc5
21. Nd4 Bb7 22. Rae1 Qc7 23. f5 Qe7 24. a5 Kh8 25. fxg6 fxg6 26. Qf4 Be5
27. Qg4 Bg7 28. Bxg7+ Qxg7 29. Qg3 e5 30. Nb3 Ne6 31. Nd2 Rac8 32. Bb3 Nf4
33. Nc4 Qe7 34. Qe3 Rc5 35. Rxf4 exf4 36. Qd4+ Re5 37. Nxd6 Kg7 38. Nxe8+
Qxe8 39. Bd5 Bc8 40. Rf1 g5 41. g3 fxg3 42. hxg3 Bg4 43. Rf7+ Kg6 44. Kg1
h5 45. Rb7 Re7 46. Rb6+ Kh7 47. Qf6 1-0

[Event "?"]
[Site "Ch Matanzas City CUB"]
[Date "1997.??.??"]
[Round "?"]
[White "Rodriguez, Amador C"]
[Black "Larduet, Carlos"]
[Result "1/2-1/2"]
[WhiteElo "2555"]
[BlackElo "2310"]

1. e4 c5 2. Nf3 e6 3. d4 cxd4 4. Nxd4 a6 5. Bd3 Bc5 6. Nb3 Be7 7. c4 d6 8.
Nc3 Nf6 9. O-O O-O 10. f4 Nc6 11. Qe2 Nd7 12. Be3 b6 13. Rf3 Re8 14. Rh3 g6
15. Rf1 Bb7 16. Nd2 Rb8 17. Nf3 Bf6 18. Qf2 Ba8 19. Bb1 Bg7 20. Ng5 Nf8 21.
e5 Qc7 22. Nce4 dxe5 23. Nxh7 Nxh7 24. Qh4 Nd4 25. Qxh7+ Kf8 26. Bxd4 exd4
27. Ng5 d3 28. Bxd3 Red8 29. Qh4 Qc5+ 30. Kh1 Qd4 31. b3 Qb2 1/2-1/2

[Event "?"]
[Site "Sozina Open, Bar SCG"]
[Date "2006.??.??"]
[Round "9"]
[White "Vratonjic, Slobo"]
[Black "Nestorovic, Dejan"]
[Result "0-1"]
[WhiteElo "2470"]
[BlackElo "2395"]

1. e4 c5 2. Nf3 e6 3. d4 cxd4 4. Nxd4 Bc5 5. Nc3 Qb6 6. Na4 Qa5+ 7. c3 Bxd4
8. Qxd4 Nf6 9. Nc5 O-O 10. Nb3 Qc7 11. Bg5 Nc6 12. Qe3 Ng4 13. Qe2 Nge5 14.
Be3 d5 15. Bf4 Nd3+ 16. Qxd3 Qxf4 17. exd5 exd5 18. Be2 Bg4 19. Bxg4 Qxg4
20. O-O Rad8 21. Rfe1 d4 22. h3 Qf4 23. Nxd4 Nxd4 24. cxd4 Rxd4 25. Qe3
Qxe3 26. Rxe3 Rfd8 27. Rae1 Kf8 28. g4 Rd2 29. R1e2 g6 30. Kg2 Rxe2 31.
Rxe2 Rd3 32. f3 Rd5 33. h4 h6 34. Re4 Rd2+ 35. Kg3 Rxb2 0-1

[Event "?"]
[Site "Team Ch Sweden"]
[Date "1998.??.??"]
[Round "?"]
[White "Moberg, Karl Johan"]
[Black "Agrest, Evgenij"]
[Result "0-1"]
[WhiteElo "2320"]
[BlackElo "2545"]

1. e4 c5 2. Nf3 e6 3. d4 cxd4 4. Nxd4 a6 5. Bd3 Bc5 6. Nb3 Be7 7. O-O d6 8.
c4 Nf6 9. Nc3 b6 10. f4 Nbd7 11. Qe2 Bb7 12. Bd2 h5 13. Nd4 Qc7 14. Kh1 g6
15. Rae1 h4 16. Nd5 exd5 17. exd5 Nc5 18. Bc2 h3 19. b4 Nxd5 20. cxd5 Bxd5
21. Nf3 hxg2+ 22. Kxg2 Ne6 23. Be4 Qb7 24. Bxd5 Qxd5 25. Qe4 Qxe4 26. Rxe4
Rc8 27. Rc1 Rxc1 28. Bxc1 Kd7 29. Rc4 b5 30. Rc2 Bf6 31. Kg3 Ng7 32. Rd2
Rc8 33. Bb2 Bxb2 34. Rxb2 Rc4 35. Rd2 Nh5+ 36. Kf2 Rxb4 37. f5 gxf5 38. Ke3
Re4+ 39. Kf2 Nf6 40. Kg3 Rg4+ 41. Kh3 Ne4 42. Rc2 f6 43. a4 Ng5+ 44. Nxg5
fxg5 45. axb5 Rh4+ 46. Kg3 axb5 0-1

[Event "?"]
[Site "41st Rubinstein Mem Open A, Po"]
[Date "2005.??.??"]
[Round "?"]
[White "Radovanovic, Jovica"]
[Black "Kveinys, Aloyzas"]
[Result "0-1"]
[WhiteElo "2355"]
[BlackElo "2510"]

1. e4 c5 2. Nf3 e6 3. d4 cxd4 4. Nxd4 a6 5. Bd3 Bc5 6. Nb3 Be7 7. Qg4 g6 8.
Qe2 d6 9. O-O Nd7 10. Nc3 b6 11. f4 Bb7 12. Bd2 Qc7 13. Nd1 Ngf6 14. Nf2 e5
15. Rae1 O-O 16. fxe5 Nxe5 17. Nd4 Rfe8 18. Nf3 b5 19. Nh3 Nfd7 20. Nhg5
Bf8 21. Bc3 f6 22. Nh3 Nxd3 23. cxd3 d5 24. Nf2 dxe4 25. dxe4 Bg7 26. Qd2
Nc5 27. Qc2 Rac8 28. Qb1 a5 29. a3 b4 30. axb4 axb4 31. Bxb4 Ba6 32. Bxc5
Bxf1 33. b4 Bb5 34. Nd4 Bc4 35. Qc2 Bf7 36. Rc1 Qb7 37. Nb3 Qb5 38. h3 Bh6
39. Rb1 Qxb4 40. Bxb4 Rxc2 0-1

[Event "?"]
[Site "Elo Taraus Open"]
[Date "1997.??.??"]
[Round "?"]
[White "Rytshagov, Mikhail"]
[Black "Kiik, Kalle"]
[Result "1/2-1/2"]
[WhiteElo "2485"]
[BlackElo "2380"]

1. e4 c5 2. Nf3 e6 3. d4 cxd4 4. Nxd4 Qb6 5. Nc3 Bc5 6. Na4 Qa5+ 7. c3 Bxd4
8. Qxd4 Nf6 9. Nc5 b6 10. Nb3 Qh5 11. Bf4 Nc6 12. Qe3 e5 13. Bg3 O-O 14.
Rd1 Qg6 15. Bd3 Bb7 16. O-O d6 17. Nd2 Nh5 18. Nc4 b5 19. Nd2 a6 20. Nf3
Ne7 21. Rd2 Rae8 22. Rfd1 Nxg3 23. hxg3 Nc8 24. Bc2 Qg4 25. Nh2 Qh5 26. g4
Qh4 27. Bb3 Kh8 28. f3 g6 29. Bc2 d5 30. exd5 Nd6 31. Qf2 Qg5 32. Re2 f5
33. gxf5 gxf5 34. Rde1 Qf6 35. Bb3 Rg8 36. f4 e4 37. Re3 Qf7 38. Qd2 Qf6
39. Rd1 Rg7 40. Qd4 Qxd4 41. Rxd4 Rc8 42. Nf1 Rg4 43. g3 Rg6 44. Re2 Kg7
45. Rg2 Kf6 46. Ne3 Rcg8 47. Kf2 h5 48. Rd1 Rh6 49. Rh1 Rgh8 50. Rgh2 Kg6
51. a4 Bc8 52. a5 1/2-1/2

[Event "?"]
[Site "Lost Boys Open"]
[Date "1998.??.??"]
[Round "?"]
[White "Van Haastert, Edwin"]
[Black "David, Alberto"]
[Result "0-1"]
[WhiteElo "2335"]
[BlackElo "2525"]

1. e4 c5 2. Nf3 e6 3. d4 cxd4 4. Nxd4 a6 5. Bd3 Bc5 6. Nb3 Be7 7. Nc3 d6 8.
f4 Nd7 9. Qf3 Qc7 10. Bd2 Bh4+ 11. g3 Be7 12. O-O-O b5 13. a3 Ngf6 14. g4
Nb6 15. g5 Nfd7 16. Rhf1 Rb8 17. Qh3 g6 18. Ne2 Na4 19. Kb1 Ndc5 20. Rc1
Qb7 21. Qe3 O-O 22. f5 exf5 23. exf5 Nxd3 24. cxd3 Bxf5 25. Ned4 Rfe8 26.
Nxf5 gxf5 27. Rfe1 Qd5 28. Na5 f4 29. Qxf4 Qxd3+ 30. Ka1 Bf8 31. Red1 Nxb2
32. Kxb2 b4 33. axb4 Re4 34. Nc6 Bg7+ 35. Ka2 Qd5+ 36. Ka3 a5 37. Nxb8
axb4+ 38. Bxb4 Qa8+ 39. Kb3 Rxf4 40. Rc8+ Bf8 41. Rdc1 Rf2 42. Nc6 Qa2+ 43.
Kc3 Qb2+ 44. Kd3 Rf3+ 45. Ke4 Qe2+ 0-1

[Event "?"]
[Site "Team Ch Catalunya"]
[Date "1998.??.??"]
[Round "?"]
[White "Pablo Marin, Alejandro"]
[Black "Vehi Bach, Victor M"]
[Result "0-1"]
[WhiteElo "2450"]
[BlackElo "2410"]

1. e4 c5 2. Nf3 e6 3. d4 cxd4 4. Nxd4 a6 5. Bd3 Bc5 6. Nb3 Be7 7. Qe2 d6 8.
O-O Nd7 9. f4 Qc7 10. Nc3 Ngf6 11. Bd2 b5 12. Rae1 e5 13. Nd5 Nxd5 14. exd5
O-O 15. Qf3 Bf6 16. Kh1 exf4 17. Qxf4 Ne5 18. Bf5 Ng6 19. Qf2 Bxf5 20. Qxf5
Bxb2 21. Na5 Ne5 22. Rb1 Bc3 23. Nb3 Rac8 24. Be3 Nc4 25. Bf4 Rfe8 26. Rbd1
Ne3 27. Bxe3 Rxe3 28. Nc1 g6 29. Qf2 Rce8 30. Rd3 Re1 31. Rd1 Rxd1 32. Rxd1
Qc4 33. h3 Bb2 34. Nd3 Bg7 35. Nf4 Qxa2 36. Rf1 0-1

[Event "?"]
[Site "JUG Team Ch Vrnjacka Banja YUG"]
[Date "1998.??.??"]
[Round "?"]
[White "Matulovic, Milan"]
[Black "Pikula, Dejan"]
[Result "1-0"]
[WhiteElo "2420"]
[BlackElo "2440"]

1. e4 c5 2. Nf3 e6 3. d4 cxd4 4. Nxd4 a6 5. Bd3 Bc5 6. Nb3 Be7 7. Qg4 g6 8.
Qg3 d6 9. Nc3 Nd7 10. O-O Qc7 11. Bd2 Ngf6 12. Kh1 b6 13. f4 Bb7 14. Rae1
e5 15. fxe5 Nxe5 16. Bg5 Nh5 17. Qh4 h6 18. Bxe7 Qxe7 19. Qxe7+ Kxe7 20.
Nd5+ Bxd5 21. exd5 Nf6 22. Rxe5+ dxe5 23. d6+ Kxd6 24. Rxf6+ Ke7 25. Rxb6
Rhd8 26. Kg1 Rd6 27. Rb7+ Rd7 28. Rxd7+ Kxd7 29. Nc5+ Kd6 30. Nxa6 e4 31.
Be2 Kc6 32. Kf2 f5 33. Ke3 Kb6 34. b4 h5 35. h4 Rg8 36. g3 g5 37. hxg5 Rxg5
38. Kf4 Rg8 39. Nc5 h4 40. gxh4 Rg2 41. Na4+ Kc7 42. Nc3 Rf2+ 43. Ke3 Rh2
44. h5 Kd6 45. Kd4 e3 46. Nb5+ Ke6 47. Kxe3 Ke5 48. Nd4 1-0

[Event "?"]
[Site "Open Biel SUI"]
[Date "1998.??.??"]
[Round "?"]
[White "Prasad, Devaki V"]
[Black "Antic, Dejan"]
[Result "1/2-1/2"]
[WhiteElo "2400"]
[BlackElo "2460"]

1. e4 c5 2. Nf3 e6 3. d4 cxd4 4. Nxd4 a6 5. Bd3 Bc5 6. Nb3 Be7 7. O-O d6 8.
f4 Nf6 9. Nc3 Nc6 10. Qe2 Qc7 11. Bd2 b5 12. a3 Bb7 13. Rae1 b4 14. axb4
Nxb4 15. Nb5 axb5 16. Bxb4 O-O 17. c3 e5 18. Kh1 exf4 19. Nd4 d5 20. Nxb5
Qd7 21. Bxe7 Qxe7 22. exd5 Qxe2 23. Bxe2 Nxd5 24. Bf3 Rab8 25. Nd6 Ba8 26.
Rf2 Rfd8 27. Nf5 Kf8 28. h3 Re8 29. Rxe8+ Rxe8 30. c4 Ne3 31. Nd6 Bxf3 32.
Rxf3 Re6 33. c5 Nd5 34. Kg1 Re2 35. Rb3 Ke7 36. Rb7+ Ke6 37. Rxf7 Rxb2 38.
Rxg7 Rc2 39. Rxh7 Rxc5 40. Ne4 Rc2 41. Rg7 Ne3 1/2-1/2

[Event "?"]
[Site "Czech Open A, Pardubice CZE"]
[Date "2006.??.??"]
[Round "6"]
[White "Markidis, Konstantinos"]
[Black "Kovacevic, Blazimir"]
[Result "0-1"]
[WhiteElo "2370"]
[BlackElo "2490"]

1. e4 c5 2. Nf3 e6 3. d4 cxd4 4. Nxd4 a6 5. Bd3 Bc5 6. Nb3 Be7 7. O-O d6 8.
Qg4 g6 9. Qe2 Nd7 10. Bf4 Ngf6 11. N1d2 O-O 12. a4 b6 13. a5 b5 14. c4 bxc4
15. Nxc4 d5 16. exd5 Nxd5 17. Bg3 Nc5 18. Nxc5 Bxc5 19. Rfc1 Bb7 20. Ne5
Qe7 21. Rc4 Rac8 22. Rd1 f5 23. Nf3 Nb4 24. Be5 Bxf3 25. Qxf3 Nxd3 26. Qxd3
Rfd8 27. Rxc5 Qxc5 28. Qxd8+ Rxd8 29. Rxd8+ Kf7 30. Bc3 e5 31. h3 g5 32.
Rb8 e4 33. Rb7+ Ke8 34. Rb8+ Kd7 35. Rb7+ Kc8 36. Rxh7 e3 37. fxe3 Qxe3+
38. Kf1 g4 39. hxg4 Qc1+ 40. Kf2 Qf4+ 41. Ke1 fxg4 42. Re7 g3 43. Kd1 Qd6+
0-1

[Event "?"]
[Site "Politiken Cup"]
[Date "2002.??.??"]
[Round "?"]
[White "Kongsted, Cristian"]
[Black "Epishin, Vladimir V"]
[Result "0-1"]
[WhiteElo "2220"]
[BlackElo "2640"]

1. e4 c5 2. Nf3 e6 3. d4 cxd4 4. Nxd4 a6 5. Bd3 Bc5 6. Nb3 Be7 7. c4 d6 8.
Nc3 Nf6 9. O-O Nc6 10. f4 O-O 11. Be3 Re8 12. Qf3 Bf8 13. Rad1 Qc7 14. g4
g6 15. g5 Nh5 16. Qf2 Bg7 17. Bb6 Qe7 18. Be2 Bxc3 19. bxc3 Ng7 20. e5 Nf5
21. exd6 Nxd6 22. Bf3 Nf5 23. Rfe1 f6 24. Nd4 Ncxd4 25. cxd4 fxg5 26. d5
gxf4 27. dxe6 Bxe6 28. Bc5 Qg5+ 29. Kh1 Bxc4 30. Bxb7 Rxe1+ 31. Rxe1 Rd8
32. Qc2 Nd6 33. Bf2 Bd5+ 34. Bxd5+ Qxd5+ 35. Kg1 Nf5 36. Qa4 Ne3 37. Bxe3
fxe3 38. Qxa6 Rf8 39. Rxe3 Qd1+ 40. Kg2 Qg4+ 41. Kh1 Qd1+ 42. Kg2 Qd5+ 43.
Kg1 Qg5+ 44. Rg3 Qc1+ 45. Kg2 Qc2+ 46. Kh3 Qf5+ 47. Kg2 Qe4+ 48. Kg1 Rd8
49. Qf1 Rd2 50. Rf3 Qd4+ 51. Kh1 Rd1 52. Kg2 Rxf1 53. Rxf1 Qd5+ 0-1

[Event "?"]
[Site "JUG Team Ch Cup"]
[Date "1994.??.??"]
[Round "?"]
[White "Dragovic, Momcilo"]
[Black "Martinovic, Slobodan"]
[Result "0-1"]
[WhiteElo "2390"]
[BlackElo "2465"]

1. e4 c5 2. Nf3 e6 3. d4 cxd4 4. Nxd4 a6 5. Bd3 Bc5 6. Nb3 Be7 7. O-O Bf6
8. Nc3 Nc6 9. f4 d6 10. Be3 Nge7 11. Qe2 O-O 12. Rad1 Qc7 13. Rf3 g6 14.
Qf2 b5 15. Rh3 h5 16. Ne2 Bg7 17. c3 Bd7 18. Ned4 f5 19. Rg3 Nxd4 20. Bxd4
e5 21. Bb6 Qc8 22. Qd2 exf4 23. Qxf4 Be5 24. Qh6 Bg7 25. Qg5 f4 26. Rf3 Bf6
27. Qxf4 Bg4 28. Qg3 Bxf3 29. gxf3 Be5 30. Qg2 Qe6 31. Bc2 Kh7 32. Be3 Bf4
33. Bf2 Nc6 34. Nd4 Nxd4 35. cxd4 Qxa2 36. Kh1 Rg8 37. e5 dxe5 38. dxe5 Kg7
39. Rd6 Rac8 40. Bd4 Qa1+ 41. Qg1 Qxg1+ 42. Kxg1 Rxc2 43. Rd5 0-1

[Event "?"]
[Site "Venlo Vierkampen"]
[Date "2000.??.??"]
[Round "?"]
[White "Berkvens, Joost"]
[Black "Schebler, Gerhard"]
[Result "1-0"]
[WhiteElo "2360"]
[BlackElo "2495"]

1. e4 c5 2. Nf3 e6 3. d4 cxd4 4. Nxd4 Qb6 5. Nc3 Bc5 6. Be3 Nc6 7. Ndb5
Bxe3 8. fxe3 a6 9. Nd6+ Kf8 10. Qd2 Nf6 11. Be2 Qc7 12. O-O h5 13. Rad1 b5
14. e5 Nxe5 15. Qd4 Nc6 16. Qf4 Rh6 17. Nce4 Rb8 18. Qxh6 gxh6 19. Rxf6 Ne5
20. Rdf1 Kg8 21. Rxf7 Nxf7 22. Rxf7 Qxc2 23. Nf6+ Kh8 24. Nde8 1-0

[Event "?"]
[Site "Jagodina"]
[Date "1998.??.??"]
[Round "?"]
[White "Ermenkov, Evgenij P"]
[Black "Nestorovic, Dejan"]
[Result "1/2-1/2"]
[WhiteElo "2480"]
[BlackElo "2375"]

1. e4 c5 2. Nf3 e6 3. d4 cxd4 4. Nxd4 a6 5. Bd3 Bc5 6. Nb3 Be7 7. c4 d6 8.
Nc3 Nf6 9. Be3 b6 10. a4 Nc6 11. a5 bxa5 12. Nxa5 Nxa5 13. Qa4+ Nd7 14.
Qxa5 Qxa5 15. Rxa5 Rb8 16. Ra2 Ne5 17. Ke2 O-O 18. Rb1 Bf6 19. Bd4 Nc6 20.
Bxf6 gxf6 21. Ke3 Nb4 22. Ra5 Bd7 23. Na2 Nxd3 24. Kxd3 Rb6 25. Nc3 Rc8 26.
b3 Rcb8 27. Kc2 Bc6 28. f3 Kg7 29. g4 h6 30. Ne2 Bb7 31. Rba1 Rc8 32. Nc3
Rbc6 33. Rd1 R8c7 34. Rd4 Rc8 35. Nd1 R8c7 36. Ne3 Kg6 37. h4 Kg7 38. b4
Rc8 39. Kb3 Kf8 40. Rd3 R8c7 41. Rc3 Rc8 42. Rh5 Kg7 43. Nc2 R6c7 44. Nd4
d5 45. exd5 Bxd5 46. Rxd5 exd5 47. c5 a5 48. c6 axb4 49. Kxb4 f5 50. Nxf5+
Kf6 51. Nd4 Ra7 52. f4 Ra1 53. Kc5 Rf1 54. g5+ hxg5 55. fxg5+ Kg6 56. Kxd5
f6 57. gxf6 Rxf6 58. Ne6 Rf1 59. c7 Kh5 60. Rc4 Rh1 61. Kd6 Rxh4 62. Rc5+
Kg4 63. Kd7 Rhh8 64. Nd8 Rxc7+ 65. Kxc7 1/2-1/2